Multiple view geometry in computer vision (Record no. 6846)
[ view plain ]
| 000 -LEADER | |
|---|---|
| fixed length control field | 00867nam a22002657a 4500 |
| 003 - CONTROL NUMBER IDENTIFIER | |
| control field | OSt |
| 005 - DATE AND TIME OF LATEST TRANSACTION | |
| control field | 20220107122900.0 |
| 008 - FIXED-LENGTH DATA ELEMENTS--GENERAL INFORMATION | |
| fixed length control field | 210902b xxu||||| |||| 00| 0 eng d |
| 020 ## - INTERNATIONAL STANDARD BOOK NUMBER | |
| International Standard Book Number | 9780521540513 |
| 040 ## - CATALOGING SOURCE | |
| Transcribing agency | KUDSIT |
| 082 ## - DEWEY DECIMAL CLASSIFICATION NUMBER | |
| Classification number | 006.37 HAR/M |
| 100 ## - MAIN ENTRY--PERSONAL NAME | |
| Personal name | Hartley, Richard |
| 9 (RLIN) | 18607 |
| 245 ## - TITLE STATEMENT | |
| Title | Multiple view geometry in computer vision |
| Statement of responsibility, etc. | Richard Hartley and Andrew Zisserman |
| 250 ## - EDITION STATEMENT | |
| Edition statement | 2 |
| 260 ## - PUBLICATION, DISTRIBUTION, ETC. | |
| Place of publication, distribution, etc. | UK, |
| Name of publisher, distributor, etc. | Cambridge University Press, |
| Date of publication, distribution, etc. | 2018. |
| 300 ## - PHYSICAL DESCRIPTION | |
| Extent | xvi, 655p. |
| 500 ## - GENERAL NOTE | |
| General note | Order No. IIITMK/LIB/B/PO/2020-21/02 dated 31/03/2021 |
| 501 ## - WITH NOTE | |
| With note | Invoice No. 197/21-22 dated 02/08/2021 from M/S. Capital Books Pvt. Ltd., New Delhi |
| 650 ## - SUBJECT ADDED ENTRY--TOPICAL TERM | |
| Topical term or geographic name entry element | COMPUTER SCIENCE |
| 9 (RLIN) | 18608 |
| 650 ## - SUBJECT ADDED ENTRY--TOPICAL TERM | |
| Topical term or geographic name entry element | COMPUTER VISION |
| 9 (RLIN) | 18609 |
| 650 ## - SUBJECT ADDED ENTRY--TOPICAL TERM | |
| Topical term or geographic name entry element | PATTERN RECOGNITION |
| 9 (RLIN) | 18610 |
| 650 ## - SUBJECT ADDED ENTRY--TOPICAL TERM | |
| Topical term or geographic name entry element | PHOTOGRAMMETRY |
| 9 (RLIN) | 18611 |
| 700 ## - ADDED ENTRY--PERSONAL NAME | |
| Personal name | Zisserman, Andrew |
| 9 (RLIN) | 18612 |
| 942 ## - ADDED ENTRY ELEMENTS (KOHA) | |
| Source of classification or shelving scheme | Dewey Decimal Classification |
| Koha item type | Books |
| Withdrawn status | Lost status | Source of classification or shelving scheme | Damaged status | Not for loan | Collection code | Home library | Current library | Shelving location | Date acquired | Cost, normal purchase price | Total Checkouts | Total Renewals | Full call number | Barcode | Date last seen | Date last checked out | Price effective from | Koha item type |
|---|---|---|---|---|---|---|---|---|---|---|---|---|---|---|---|---|---|---|
| Dewey Decimal Classification | Computer Vision | Kerala University of Digital Sciences, Innovation and Technology Knowledge Centre | Kerala University of Digital Sciences, Innovation and Technology Knowledge Centre | Computer Science | 02/09/2021 | 5569.00 | 5 | 5 | 006.37 HAR/M | 5790 | 10/01/2024 | 12/10/2023 | 02/09/2021 | Books |